| 000 | 01062cam a2200313 a 4500 | ||
|---|---|---|---|
| 001 | TB12678 | ||
| 003 | IN-BhIIT | ||
| 005 | 20260116162233.0 | ||
| 008 | 860310s1985 enk 001 0 eng | ||
| 020 | _a9780521437219 (pbk.) | ||
| 040 | _aIN-BhIIT | ||
| 041 | _aeng | ||
| 082 | 0 | 0 |
_a518.2015153 _bVET/N |
| 100 |
_aVetterling, William T. _eAuthor _926803 |
||
| 245 | 0 | 0 |
_aNumerical recipes example book (FORTRAN) / _cWilliam T. Vetterling ... [et al]. |
| 260 |
_aNew York : _bCambridge University Press, _c1985. |
||
| 300 |
_aviii, 179 p. : _bill. ; _c24 cm. |
||
| 490 | _aNumerical Recipes | ||
| 500 | _aIncludes index. | ||
| 504 | _aIncludes bibliographical references and index. | ||
| 650 | 0 |
_aNumerical language _927046 |
|
| 650 | 0 |
_aFORTRAN [computer program language] _97089 |
|
| 650 | 0 |
_aNumerical Analysis _92089 |
|
| 650 | 0 |
_aProgramming Languages _93313 |
|
| 700 | 1 |
_aPress, William H. _eJoint author _914963 |
|
| 700 | 1 |
_aTeukolsky, Saul A. _eJoint author _926805 |
|
| 700 | 1 |
_aFannery, Brain P. _eJoint author _926806 |
|
| 942 | _cTB | ||
| 999 |
_c15209 _d15209 |
||